000 00416nam a2200157Ia 4500
008 230524s9999 xx 000 0 und d
082 _a510
_bKRE
100 _aErwin Kreyszig
245 2 _aA Complete Solution to Advanced Engineering Mathematics (Vol-II)
250 _a1ST
260 _aNEW DELHI
_bJohn Wiley
_c2000
300 _aIV;266
500 _aQuantity Number: 1
650 _aMathematics
942 _cBK
999 _c35717
_d35717